000 00650nam a2200181 4500
001 116282
003 ES-MaACL
005 20230906190656.0
007 t|
008 061121s1916 sp r ||||1| spa d
100 1 _aOsma, G. J. de.
_987757
245 1 0 _aCatálogo de azabaches compostelanos :
_bprecedido de apuntes sobre los amuletos contra el aojo, las imágenes del Apóstol-Romero y la Cofradía de los Azabacheros de Santiago /
_cG.J. de Osma.
260 _aMadrid :
_b[s.n.],
_c1916 (
_fImp. Ibérica)
300 _aXII, 234 p. :
_bil. ;
_c29 cm.
650 4 _aAzabaches.
_9149898
650 _aAmuletos.
_99760
852 4 _aES-MaACL
_jF-113
999 _c116282
_d116282